000 00797nam a22002057a 4500
999 _c7581
_d7581
003 AR-CdUCM
008 190320b ||||| |||| 00| 0 spa d
040 _aMUNICIPALIDAD PROVINCIAL DEL CUSCO
_cBIBLIOTECA MUNICIPAL DEL CUSCO
082 _a613 /
_bR79
100 _aRoldan Mejia, Antonio
_921410
245 _aComo conservar o recuperar la salud física /
260 _aLima :
_bCirculo cultural editor,
_c1982.
300 _a219 páginas ;
_c18 cm.
505 _aContenido: La nutrición -- La predisposición para el éxito o para el fracaso de la vida -- El estudio y el régimen ideal -- Carencia de fibras -- Peso excesivo ...
650 _aSalud física
_921411
650 _aAlimentación
_919429
650 _aPrevención de enfermedades
_921412
942 _2ddc
_cLIBROS
945 _aachl